000 00391nam a2200157Ia 4500
008 160316s1968 xxu||||| |||| 00| 0 eng d
082 _a941.000000
_bBRI
100 _a
245 _aBritain : An official handbook, 1968
250 _a
260 _aLondon
_bCentral Office of Information
_c1968
300 _a557p
_b
_c
365 _bRs.
650 _a1.Britain - A Handbook
700 _a
_a
999 _c6554
_d6554